[Event "Rated Blitz game"]
[Site "?"]
[Date "2021.11.24"]
[Round "?"]
[White "sergzyk"]
[Black "Annali-annaliew1979"]
[Result "0-1"]
[WhiteElo "2311"]
[BlackElo "2462"]
[PlyCount "80"]
[EventDate "2021.??.??"]
[EventType "blitz"]

1. e4 e5 2. Nf3 d5 3. Nxe5 Qe7 4. d4 f6 5. Nd3 Nc6 6. c3 Bf5 7. Be2 Bxe4 8. O-O
Qf7 9. f3 Bf5 10. Nc5 Bxc5 11. dxc5 Nge7 12. g4 Bg6 13. f4 Be4 14. Bf3 f5 15.
Bxe4 dxe4 16. Na3 fxg4 17. Qxg4 h5 18. Qh3 Nf5 19. Nb5 O-O-O 20. a4 a6 21. Nd4
Ncxd4 22. cxd4 Rxd4 23. b4 Rxb4 24. Bd2 Rd4 25. Ba5 Rd3 26. Qg2 Re8 27. Rab1
Ne3 28. Qh3+ Qf5 29. Qxf5+ Nxf5 30. c6 b6 31. Bxb6 cxb6 32. Rxb6 Kc7 33. Rxa6
Rc3 34. Ra7+ Kxc6 35. Rf7 Rc5 36. Rb1 e3 37. Rbb7 e2 38. Rbc7+ Kd5 39. Rxc5+
Kxc5 40. Rxf5+ Kd4 {Normal} 0-1

[Event "Rated Blitz game"]
[Site "?"]
[Date "2021.11.24"]
[Round "?"]
[White "Cel1ic"]
[Black "khalid_ontawar"]
[Result "1-0"]
[WhiteElo "2551"]
[BlackElo "2484"]
[PlyCount "43"]
[EventDate "2021.??.??"]
[EventType "blitz"]

1. e4 e5 2. Nf3 d5 3. d4 dxe4 4. Nxe5 Be6 5. Nc3 Nf6 6. Bg5 Be7 7. Bc4 Bxc4 8.
Nxc4 Nbd7 9. O-O O-O 10. Qe2 Re8 11. Rad1 c6 12. Ne5 Qc7 13. Bf4 Nd5 14. Nxd5
cxd5 15. Nxd7 Qxd7 16. c4 Bf6 17. cxd5 Qxd5 18. Be3 Qxa2 19. Qb5 b6 20. Ra1 Qe6
21. d5 Qd7 22. Qxd7 {Normal} 1-0

[Event "Rated Blitz game"]
[Site "?"]
[Date "2021.11.24"]
[Round "?"]
[White "Tuzibaba"]
[Black "Tengo1000cuentas"]
[Result "1-0"]
[WhiteElo "2525"]
[BlackElo "2314"]
[PlyCount "41"]
[EventDate "2021.??.??"]
[EventType "blitz"]

1. e4 e5 2. Nf3 d5 3. d3 Nf6 4. exd5 c6 5. dxc6 Nxc6 6. Be2 Bd6 7. O-O h6 8.
Nc3 Bc7 9. Re1 O-O 10. Bf1 Re8 11. h3 Bf5 12. Be3 a6 13. Qd2 Qd6 14. Rad1 Rad8
15. Qc1 Bb8 16. Ne4 Qe6 17. Ng3 Bg6 18. Bb6 Rd7 19. c3 h5 20. b3 Qf5 21. Nxf5 {
Normal} 1-0

[Event "Rated Blitz game"]
[Site "?"]
[Date "2021.11.24"]
[Round "?"]
[White "KyrgyzGM"]
[Black "KamranShirazi"]
[Result "0-1"]
[WhiteElo "2551"]
[BlackElo "2564"]
[PlyCount "42"]
[EventDate "2021.??.??"]
[EventType "blitz"]

1. e4 e5 2. Nf3 d5 3. exd5 e4 4. Qe2 Nf6 5. d3 Bb4+ 6. Bd2 O-O 7. dxe4 Re8 8.
e5 Nxd5 9. Qe4 f5 10. Qc4 b5 11. Qb3 Bxd2+ 12. Nbxd2 a6 13. c4 bxc4 14. Bxc4 c6
15. O-O h6 16. Rad1 Kh8 17. Nb1 Be6 18. Nc3 Nd7 19. Nxd5 Nc5 20. Qb6 cxd5 21.
Bxd5 Qxb6 {Normal} 0-1

[Event "Rated Blitz game"]
[Site "?"]
[Date "2021.11.24"]
[Round "?"]
[White "stolencandy13"]
[Black "khalid_ontawar"]
[Result "1/2-1/2"]
[WhiteElo "2565"]
[BlackElo "2488"]
[PlyCount "113"]
[EventDate "2021.??.??"]
[EventType "blitz"]

1. e4 e5 2. Nf3 d5 3. Nc3 dxe4 4. Nxe4 f5 5. Nc3 e4 6. Ng1 Be6 7. d3 Nf6 8.
dxe4 Qxd1+ 9. Kxd1 fxe4 10. Bg5 Nbd7 11. Bb5 c6 12. Ba4 Bb4 13. Nge2 O-O-O 14.
Kc1 h6 15. Bxf6 Nxf6 16. Bb3 Bg4 17. Ng3 Rhe8 18. Re1 Bxc3 19. bxc3 Nd5 20.
Bxd5 cxd5 21. Kd2 h5 22. h3 h4 23. hxg4 hxg3 24. fxg3 Rf8 25. Rf1 Kd7 26. Ke3
Kd6 27. Rf5 g6 28. Rf4 g5 29. Rf5 Rxf5 30. gxf5 Ke5 31. Rf1 Rc8 32. Kd2 g4 33.
Rf4 Rf8 34. Ke3 Rxf5 35. Rxg4 Rf1 36. Rg7 Re1+ 37. Kd2 Rg1 38. Rxb7 Rxg2+ 39.
Kc1 Rxg3 40. Rxa7 Rxc3 41. Kb2 Rc8 42. a4 e3 43. c3 Ke4 44. Rd7 Rc4 45. Kb3 Rc5
46. Kc2 Rc4 47. Re7+ Kf3 48. Kd3 Rxa4 49. Rxe3+ Kf4 50. Re8 Re4 51. Rxe4+ dxe4+
52. Ke2 Ke5 53. Ke3 Kd5 54. c4+ Ke5 55. c5 Kd5 56. c6 Kxc6 57. Kxe4 {Normal}
1/2-1/2

[Event "Rated Blitz game"]
[Site "?"]
[Date "2021.11.24"]
[Round "?"]
[White "michel_georg"]
[Black "akramelgohary"]
[Result "0-1"]
[WhiteElo "2415"]
[BlackElo "2378"]
[PlyCount "60"]
[EventDate "2021.??.??"]
[EventType "blitz"]

1. e4 e5 2. Nf3 d5 3. exd5 e4 4. Qe2 Nf6 5. Nc3 Be7 6. Nxe4 O-O 7. d3 Qxd5 8.
Bd2 Nc6 9. Nc3 Qf5 10. O-O-O Re8 11. Ne4 Be6 12. Kb1 Nxe4 13. dxe4 Qc5 14. Be3
Qa5 15. a3 Rad8 16. Nd4 Nxd4 17. Rxd4 Rxd4 18. Bxd4 Rd8 19. Bc3 Qb6 20. Qe1
Qxf2 21. Bd3 Qxe1+ 22. Rxe1 c5 23. e5 c4 24. Be4 b6 25. g3 a5 26. h4 Bc5 27.
Re2 Rd1+ 28. Ka2 h5 29. Rd2 Rxd2 30. Bxd2 c3+ {Normal} 0-1

[Event "Rated Blitz game"]
[Site "?"]
[Date "2021.11.24"]
[Round "?"]
[White "Patzer28"]
[Black "ribut1980"]
[Result "1-0"]
[WhiteElo "2385"]
[BlackElo "2408"]
[PlyCount "57"]
[EventDate "2021.??.??"]
[EventType "blitz"]

1. e4 e5 2. Nf3 d5 3. Nxe5 Bd6 4. d4 dxe4 5. Bf4 Nf6 6. Bc4 O-O 7. O-O a6 8. a4
h6 9. h3 b6 10. Nc3 Bb7 11. Qd2 Nc6 12. Qe3 Ne7 13. g4 c5 14. Rad1 Qc7 15. Bxh6
Bxe5 16. dxe5 gxh6 17. exf6 Nf5 18. gxf5 Kh7 19. Bd5 Rg8+ 20. Kh1 Rae8 21. Rg1
Bxd5 22. Nxd5 Qe5 23. Rg7+ Rxg7 24. fxg7 Qxg7 25. Rg1 Qe5 26. Qg3 b5 27. Qxe5
Rxe5 28. Nf6+ Kh8 29. Rg8# {Normal} 1-0

[Event "Rated Blitz game"]
[Site "?"]
[Date "2021.11.24"]
[Round "?"]
[White "slave-trajkoski"]
[Black "JHuNNx76"]
[Result "0-1"]
[WhiteElo "2441"]
[BlackElo "2385"]
[PlyCount "96"]
[EventDate "2021.??.??"]
[EventType "blitz"]

1. e4 e5 2. Nf3 d5 3. Nxe5 dxe4 4. d4 Bd6 5. Qh5 g6 6. Qe2 Qe7 7. Qxe4 Nc6 8.
Bd3 Nxd4 9. Qf4 Nc6 10. O-O Bxe5 11. Qf3 Nf6 12. Re1 Be6 13. Nc3 O-O-O 14. Bb5
Bg4 15. Qe4 Nxe4 16. Nxe4 f5 17. Bg5 Qb4 18. Bxc6 bxc6 19. Bxd8 Rxd8 20. Ng3
Bxg3 21. hxg3 f4 22. gxf4 Qxf4 23. f3 Bf5 24. Re2 Rd2 25. Rae1 Rxc2 26. Rxc2
Bxc2 27. Re2 Qc1+ 28. Kf2 Qxb2 29. a4 Qb6+ 30. Ke1 Bxa4 31. Re8+ Kb7 32. Re2 h5
33. Kd2 c5 34. Kc3 Qb4+ 35. Kd3 c4+ 36. Ke3 c3 37. Kd3 c2 38. Rxc2 Bxc2+ 39.
Kxc2 Qd4 40. Kb3 c5 41. Kc2 c4 42. f4 Qd3+ 43. Kb2 c3+ 44. Ka2 Qd2+ 45. Kb3 c2
46. f5 c1=Q 47. fxg6 Qdb2+ 48. Ka4 Qca1# {Normal} 0-1

[Event "Rated Blitz game"]
[Site "?"]
[Date "2021.11.24"]
[Round "?"]
[White "ramoncmg"]
[Black "Roberto_Baggio1978"]
[Result "1-0"]
[WhiteElo "2558"]
[BlackElo "2587"]
[PlyCount "47"]
[EventDate "2021.??.??"]
[EventType "blitz"]

1. e4 e5 2. Nf3 d5 3. exd5 e4 4. Qe2 Nf6 5. d3 Qxd5 6. Nbd2 Nc6 7. Nxe4 Be6 8.
Nxf6+ gxf6 9. c4 Qa5+ 10. Bd2 Bb4 11. a3 O-O-O 12. O-O-O Bxd2+ 13. Qxd2 Qb6 14.
d4 Na5 15. Qc3 c5 16. d5 Bg4 17. b4 cxb4 18. axb4 Nc6 19. dxc6 Rxd1+ 20. Kxd1
Qxf2 21. cxb7+ Kxb7 22. Qxf6 Bxf3+ 23. Qxf3+ Qxf3+ 24. gxf3 {Normal} 1-0

[Event "Rated Blitz game"]
[Site "?"]
[Date "2021.11.24"]
[Round "?"]
[White "Sr_Hyde"]
[Black "Bakiuzumaki"]
[Result "1/2-1/2"]
[WhiteElo "2415"]
[BlackElo "2316"]
[PlyCount "112"]
[EventDate "2021.??.??"]
[EventType "blitz"]

1. e4 e5 2. Nf3 d5 3. Nxe5 Bd6 4. d4 dxe4 5. Qh5 g6 6. Qe2 f5 7. f4 Be6 8. Qb5+
Nd7 9. Qxb7 Bxe5 10. dxe5 Ne7 11. Bb5 O-O 12. Qa6 Nc5 13. Qa3 c6 14. Qxc5 cxb5
15. Be3 Rc8 16. Qxb5 Rxc2 17. O-O Bc4 18. Qa4 Qd3 19. Re1 Nd5 20. Na3 Nxe3 21.
Nxc2 Nxc2 22. Rad1 Nxe1 23. Rxd3 Nxd3 24. Qxc4+ Kg7 25. e6 Kf6 26. b4 Re8 27.
Qd4+ Kxe6 28. Qxa7 Re7 29. Qd4 Rd7 30. Qc4+ Rd5 31. b5 e3 32. Kf1 Kd6 33. Qc6+
Ke7 34. Qxd5 e2+ 35. Kxe2 Nxf4+ 36. Kf3 Nxd5 37. a4 Kd6 38. g4 fxg4+ 39. Kxg4
Kc5 40. Kg5 Kb4 41. Kh6 Kxa4 42. b6 Nxb6 43. Kxh7 g5 44. Kh6 g4 45. Kh5 Nd5 46.
Kxg4 Kb5 47. h4 Kc6 48. Kf5 Kd7 49. h5 Ke8 50. Kg6 Kf8 51. h6 Kg8 52. h7+ Kh8
53. Kh6 Nc7 54. Kg6 Ne8 55. Kh6 Nf6 56. Kg6 Nxh7 {Normal} 1/2-1/2

[Event "Rated Blitz game"]
[Site "?"]
[Date "2021.11.24"]
[Round "?"]
[White "TheThrill"]
[Black "Annali-annaliew1979"]
[Result "0-1"]
[WhiteElo "2450"]
[BlackElo "2476"]
[PlyCount "162"]
[EventDate "2021.??.??"]
[EventType "blitz"]

1. e4 e5 2. Nf3 d5 3. Nxe5 Qe7 4. Nd3 dxe4 5. Nf4 f5 6. Qh5+ Qf7 7. Bc4 Qxh5 8.
Nxh5 Nc6 9. d3 g6 10. Ng3 exd3 11. Bxd3 Be6 12. O-O O-O-O 13. Nc3 Bg7 14. Bd2
Nf6 15. Rfe1 Bf7 16. Bb5 Nd4 17. Re7 Nxb5 18. Nxb5 Rd7 19. Nxa7+ Kb8 20. Rxd7
Nxd7 21. Nb5 Bxb2 22. Rb1 Be5 23. a4 Bc4 24. Nf1 f4 25. Na3 Ba6 26. c4 g5 27.
h3 Re8 28. Nh2 Bf6 29. Nf3 h5 30. Re1 Rxe1+ 31. Nxe1 Be7 32. Nb5 c6 33. Nd4
Bxc4 34. h4 gxh4 35. Bxf4+ Ka7 36. Nf5 Bd8 37. Be3+ Ka6 38. Nd6 Bd5 39. Nd3 b6
40. Nb4+ Ka5 41. Nxd5 cxd5 42. Nb7+ Kxa4 43. Nxd8 b5 44. Bd4 b4 45. Nc6 b3 46.
Ne5 Nc5 47. f4 Ne6 48. Bb2 Nxf4 49. Kf2 h3 50. g3 Ne6 51. Nd3 Kb5 52. Ne5 Ng5
53. Kg1 Kb4 54. Kf2 Ne4+ 55. Ke3 Nxg3 56. Kf3 h2 57. Nd3+ Kb5 58. Nf2 h1=Q+ 59.
Nxh1 Nxh1 60. Ke3 Kc4 61. Ke2 Ng3+ 62. Ke3 h4 63. Kf3 Kd3 64. Kg4 Kc2 65. Bd4
Ne2 66. Bb2 d4 67. Ba3 b2 68. Bxb2 Kxb2 69. Kf3 d3 70. Kg2 d2 71. Kf2 d1=Q 72.
Kg2 Ng3 73. Kh3 Qh1+ 74. Kg4 Ne2 75. Kf5 h3 76. Ke6 h2 77. Kd6 Qe4 78. Kc5 Nc3
79. Kb6 Qd5 80. Ka6 Na4 81. Ka7 Qe6 {Time forfeit} 0-1

[Event "Rated Blitz game"]
[Site "?"]
[Date "2021.11.24"]
[Round "?"]
[White "PVZ1971"]
[Black "Tintyn"]
[Result "1-0"]
[WhiteElo "2410"]
[BlackElo "2431"]
[PlyCount "123"]
[EventDate "2021.??.??"]
[EventType "blitz"]

1. e4 e5 2. Nf3 d5 3. Bc4 dxc4 4. b3 cxb3 5. axb3 Nc6 6. h3 Nf6 7. d3 Bc5 8.
O-O h6 9. Bb2 Qe7 10. Nbd2 O-O 11. Nc4 Nd7 12. Ne3 Nb6 13. Nd5 Nxd5 14. exd5
Nd4 15. Nd2 Qh4 16. b4 Bb6 17. c3 Nf5 18. Nf3 Qf6 19. Qe2 Re8 20. Rfe1 Bd7 21.
Nd2 Nh4 22. Ne4 Qg6 23. g3 Bxh3 24. Nc5 Bg4 25. Qe3 Nf3+ 26. Kg2 Nxe1+ 27. Rxe1
Bxc5 28. bxc5 Rad8 29. c4 Bf5 30. Rd1 b6 31. c6 Kh7 32. f3 f6 33. Rd2 Qf7 34.
g4 Bg6 35. Kg3 f5 36. Bxe5 fxg4 37. f4 Re7 38. d4 Bf5 39. Rh2 Rf8 40. Qd2 Qg6
41. c5 bxc5 42. dxc5 Rxe5 43. fxe5 Be4 44. Rf2 Rf3+ 45. Rxf3 gxf3+ 46. Kf2 Qg2+
47. Ke3 Qg1+ 48. Qf2 Qc1+ 49. Kxe4 Qc4+ 50. Kf5 Qd3+ 51. Ke6 Qe4 52. d6 Qg4+
53. Ke7 cxd6 54. cxd6 Qg5+ 55. Kd7 Qxe5 56. Kc7 Qf5 57. Qxf3 Qf4 58. Qxf4 g5
59. Qe4+ Kg7 60. Qf5 Kg8 61. Qe6+ Kh7 62. Qe7+ {Time forfeit} 1-0

[Event "Rated Blitz game"]
[Site "?"]
[Date "2021.11.24"]
[Round "?"]
[White "Target10a"]
[Black "Taabling"]
[Result "1-0"]
[WhiteElo "2468"]
[BlackElo "2497"]
[PlyCount "131"]
[EventDate "2021.??.??"]
[EventType "blitz"]

1. e4 e5 2. Nf3 d5 3. d3 Nc6 4. exd5 Qxd5 5. Nc3 Qd8 6. Bg5 f6 7. Be3 Be6 8.
Qd2 Nge7 9. O-O-O Nf5 10. Kb1 Bb4 11. g3 Qd7 12. Bg2 O-O-O 13. a3 Ba5 14. Rhe1
Rhe8 15. b4 Nxb4 16. axb4 Bxb4 17. Kb2 Qc6 18. Rb1 a5 19. Nh4 Qd6 20. Nxf5 Bxf5
21. Ra1 e4 22. dxe4 Qc6 23. exf5 Qxg2 24. Qe2 Qc6 25. Nb5 Kb8 26. c3 Bc5 27.
Rxa5 b6 28. Ra2 Re5 29. Rea1 Bxe3 30. Ra8+ Qxa8 31. Rxa8+ Kxa8 32. fxe3 Kb7 33.
Nd4 Rdd5 34. e4 Ra5 35. Qc4 Rec5 36. Qe6 Ra4 37. Kb3 Ra1 38. g4 Rc1 39. Ne2 Re1
40. Nd4 Re3 41. Qf7 Rexc3+ 42. Kb2 R3c4 43. Qd7 Rb4+ 44. Ka3 Rb1 45. Ka2 Rb4
46. Ka3 Rcc4 47. Ne6 b5 48. Qd8 Ra4+ 49. Kb3 Rab4+ 50. Ka3 Rb1 51. Qd5+ Kb6 52.
Ka2 Rbc1 53. Nd8 R1c2+ 54. Kb1 Rc1+ 55. Kb2 R1c2+ 56. Kb1 c6 57. Qd7 Rc1+ 58.
Kb2 R1c2+ 59. Kb1 Rg2 60. Qb7+ Ka5 61. Nxc6+ Ka4 62. Qa6+ Kb3 63. Qxb5+ Kc3 64.
Qa5+ Kb3 65. Qb6+ Kc3 66. Qe3# {Normal} 1-0

[Event "Rated Blitz game"]
[Site "?"]
[Date "2021.11.24"]
[Round "?"]
[White "nomdutilisate"]
[Black "alaeldin1212"]
[Result "1-0"]
[WhiteElo "2418"]
[BlackElo "2377"]
[PlyCount "81"]
[EventDate "2021.??.??"]
[EventType "blitz"]

1. e4 e5 2. Nf3 d5 3. d4 dxe4 4. Nxe5 Bd6 5. Bc4 Bxe5 6. Qh5 Qe7 7. Qxe5 Qxe5
8. dxe5 Nd7 9. Nc3 Nxe5 10. Bb3 Nf6 11. Bf4 Ng6 12. Bxc7 O-O 13. O-O Bd7 14.
Nd5 Nxd5 15. Bxd5 Bc6 16. Bxc6 bxc6 17. Rad1 Rfe8 18. Rfe1 Rac8 19. Bg3 f5 20.
Bd6 a6 21. b3 f4 22. Bc5 Re5 23. Ba3 Re6 24. Rd4 Rce8 25. Ra4 e3 26. fxe3 fxe3
27. Re2 Rf6 28. Bc5 Rfe6 29. g3 Re5 30. b4 Rd5 31. Rxe3 Rxe3 32. Bxe3 Ne5 33.
Rxa6 Nc4 34. Ra8+ Kf7 35. Bc5 Rd2 36. Rf8+ Kg6 37. Rf2 Rd1+ 38. Kg2 Nd2 39. Re2
Kf5 40. a4 Ne4 41. a5 {Time forfeit} 1-0

[Event "Rated Blitz game"]
[Site "?"]
[Date "2021.11.24"]
[Round "?"]
[White "lariveee"]
[Black "Tengo1000cuentas"]
[Result "1-0"]
[WhiteElo "2409"]
[BlackElo "2344"]
[PlyCount "105"]
[EventDate "2021.??.??"]
[EventType "blitz"]

1. e4 e5 2. Nf3 d5 3. Nxe5 Nf6 4. Nc3 Bd6 5. d4 Nxe4 6. Nxe4 dxe4 7. Bf4 O-O 8.
Qe2 Qe7 9. O-O-O c5 10. Qxe4 g6 11. Bc4 cxd4 12. Rxd4 Bf5 13. Qd5 Bc5 14. Rd2
Nc6 15. Nxc6 bxc6 16. Qxc6 Rac8 17. Qa4 Bb6 18. Rhd1 Rfd8 19. Rxd8+ Rxd8 20.
Rxd8+ Qxd8 21. Qb3 Qd7 22. Be3 Bc7 23. Bf1 Be6 24. Bc4 Bf5 25. Bd3 Be6 26. Qb5
Qd6 27. Qc5 Qd8 28. Qxa7 Bd5 29. Qd4 Be6 30. Qxd8+ Bxd8 31. c4 Bc7 32. b4 Kf8
33. a4 Ke8 34. a5 Kd8 35. b5 Bxa5 36. Bd2 Bb6 37. Be3 Ba5 38. c5 Kc7 39. Bf4+
Kb7 40. Be4+ Ka7 41. b6+ Bxb6 42. cxb6+ Kxb6 43. Kd2 Kc5 44. Ke3 f5 45. Bc2 Bc4
46. g3 Kd5 47. h4 Ba2 48. Ba4 Bc4 49. Be8 Ba2 50. Bf7+ Kc5 51. Bxa2 Kb4 52. Bg8
g5 53. Bxg5 {Normal} 1-0

[Event "Rated Blitz game"]
[Site "?"]
[Date "2021.11.24"]
[Round "?"]
[White "ZoubkovaVila"]
[Black "Erow"]
[Result "0-1"]
[WhiteElo "2641"]
[BlackElo "2706"]
[PlyCount "46"]
[EventDate "2021.??.??"]
[EventType "blitz"]

1. e4 e5 2. Nf3 d5 3. Nxe5 Bd6 4. d4 dxe4 5. Nc4 Nf6 6. Nxd6+ Qxd6 7. Nc3 O-O
8. Bg5 Nc6 9. d5 Ne5 10. Bxf6 Qxf6 11. Nxe4 Qg6 12. Ng3 Re8 13. Be2 f5 14. f4
Ng4 15. Qd3 Bd7 16. O-O Qb6+ 17. Kh1 Re3 18. Qc4 Nxh2 19. Kxh2 Qh6+ 20. Kg1
Rxg3 21. d6+ Be6 22. Qxc7 Bd5 23. Bc4 Rxg2# {Normal} 0-1

[Event "Rated Blitz game"]
[Site "?"]
[Date "2021.11.24"]
[Round "?"]
[White "divikgoel"]
[Black "Schachelite"]
[Result "0-1"]
[WhiteElo "2364"]
[BlackElo "2479"]
[PlyCount "140"]
[EventDate "2021.??.??"]
[EventType "blitz"]

1. e4 e5 2. Nf3 d5 3. Nxe5 Bd6 4. d4 dxe4 5. Nc4 Nf6 6. Nxd6+ Qxd6 7. Be2 Nc6
8. c3 O-O 9. h3 b6 10. Be3 Bb7 11. Nd2 Ne7 12. Nc4 Qe6 13. Ne5 Rad8 14. Qa4 a5
15. Qb3 Bd5 16. Qc2 Ng6 17. Nxg6 fxg6 18. Bg5 Nh5 19. Bxd8 Rxd8 20. Bg4 Qf7 21.
O-O Nf4 22. b3 h5 23. Be2 Qf5 24. c4 Qg5 25. g3 Nxh3+ 26. Kh2 Be6 27. Qxe4 Bf5
28. Qh4 Qxh4 29. gxh4 Rxd4 30. Kg3 g5 31. hxg5 h4+ 32. Kh2 Nxg5 33. Rad1 Rf4
34. Bd3 Bg4 35. Rc1 Nf3+ 36. Kg2 Ng5 37. f3 Bh3+ 38. Kh2 Bxf1 39. Rxf1 Rxf3 40.
Rxf3 Nxf3+ 41. Kh3 g5 42. Kg4 Ne5+ 43. Kxg5 Nxd3 44. Kxh4 Nc1 45. Kg5 Nxa2 46.
Kf6 Nc1 47. Ke7 Nxb3 48. Kd7 Nd2 49. Kxc7 Nxc4 50. Kc6 Kf7 51. Kb5 Ke6 52. Kxc4
Kd6 53. Kb5 Kc7 54. Ka4 Kc6 55. Kb3 Kc5 56. Ka3 b5 57. Kb3 a4+ 58. Ka3 Kc4 59.
Kb2 Kb4 60. Ka2 Kc3 61. Kb1 Kb3 62. Kc1 a3 63. Kb1 b4 64. Ka1 Kc3 65. Ka2 b3+
66. Kxa3 b2 67. Ka2 Kc2 68. Ka3 b1=Q 69. Ka4 Qb6 70. Ka3 Qb3# {Normal} 0-1

[Event "Rated Blitz game"]
[Site "?"]
[Date "2021.11.24"]
[Round "?"]
[White "Space1999"]
[Black "Annali-annaliew1979"]
[Result "0-1"]
[WhiteElo "2312"]
[BlackElo "2481"]
[PlyCount "70"]
[EventDate "2021.??.??"]
[EventType "blitz"]

1. e4 e5 2. Nf3 d5 3. Nxe5 Qe7 4. d4 f6 5. Qh5+ g6 6. Nxg6 Qxe4+ 7. Be2 Qxg6 8.
Qxd5 Ne7 9. Qc4 Nbc6 10. Bf4 Qxg2 11. Rf1 Bh3 12. Bh5+ Ng6 13. Qe2+ Be7 14.
Bxc7 Qxf1+ 15. Qxf1 Bxf1 16. Kxf1 Nxd4 17. Na3 Bxa3 18. bxa3 O-O 19. c3 Ne6 20.
Bg3 Ngf4 21. Bf3 Rac8 22. Rb1 b6 23. Rb4 Nd3 24. Rg4+ Kh8 25. Be4 Ne5 26. Rh4
Ng5 27. Bf5 Nef3 28. Rh6 Rxc3 29. h4 Rc1+ 30. Ke2 Re1+ 31. Kd3 Rd8+ 32. Kc2
Nd4+ 33. Kb2 Nxf5 34. hxg5 Nxh6 35. gxh6 Rd2+ {Normal} 0-1

[Event "Rated Blitz game"]
[Site "?"]
[Date "2021.11.24"]
[Round "?"]
[White "creative10chess"]
[Black "Annali-annaliew1979"]
[Result "0-1"]
[WhiteElo "2389"]
[BlackElo "2469"]
[PlyCount "74"]
[EventDate "2021.??.??"]
[EventType "blitz"]

1. e4 e5 2. Nf3 d5 3. exd5 e4 4. Qe2 f5 5. d3 Nf6 6. dxe4 fxe4 7. Nbd2 Be7 8.
Ng5 O-O 9. Ngxe4 Nxe4 10. Nxe4 Bf5 11. f3 Nd7 12. Bd2 Nf6 13. O-O-O Bd6 14. Kb1
Re8 15. Bc3 Nxe4 16. fxe4 Bxe4 17. Qg4 Qe7 18. Bd3 Bxd3 19. Rxd3 b5 20. b3 a5
21. h4 a4 22. h5 axb3 23. axb3 Qf7 24. Bb2 Be5 25. Bxe5 Rxe5 26. h6 g6 27. Rhd1
Qf6 28. Qd4 Qd6 29. Rf3 Re7 30. Re3 Rd7 31. Re6 Qa3 32. Qb2 Qc5 33. d6 Rad8 34.
Re7 Rxe7 35. dxe7 Rxd1+ 36. Ka2 Qxe7 37. Qc3 Rd6 {Normal} 0-1

[Event "Rated Blitz game"]
[Site "?"]
[Date "2021.11.24"]
[Round "?"]
[White "Indian_cat"]
[Black "Schachelite"]
[Result "0-1"]
[WhiteElo "2454"]
[BlackElo "2474"]
[PlyCount "64"]
[EventDate "2021.??.??"]
[EventType "blitz"]

1. e4 e5 2. Nf3 d5 3. exd5 e4 4. Ne5 Qxd5 5. d4 exd3 6. Nxd3 Nc6 7. Nc3 Qf5 8.
Be3 Bd6 9. Qe2 Be6 10. O-O-O O-O-O 11. h3 h5 12. g3 Nf6 13. Bg2 Nb4 14. Nxb4
Bxb4 15. Nb5 a6 16. Nd4 Qa5 17. a3 Bxa3 18. Nxe6 Bb4 19. Kb1 fxe6 20. Qc4 Nd5
21. Bg5 Rd6 22. Qa2 Qb5 23. c4 Nc3+ 24. bxc3 Qf5+ 25. Qc2 Qxg5 26. cxb4 Rhd8
27. c5 Rd2 28. Rxd2 Rxd2 29. Qe4 c6 30. Qxe6+ Kb8 31. Qe8+ Ka7 32. Be4 Qf6 {
Normal} 0-1

[Event "Rated Blitz game"]
[Site "?"]
[Date "2021.11.24"]
[Round "?"]
[White "Crazyicetea007"]
[Black "Moskvin_Tolik"]
[Result "0-1"]
[WhiteElo "2446"]
[BlackElo "2489"]
[PlyCount "116"]
[EventDate "2021.??.??"]
[EventType "blitz"]

1. e4 e5 2. Nf3 d5 3. exd5 e4 4. Qe2 Nf6 5. d3 Qxd5 6. dxe4 Qxe4 7. Nc3 Qxe2+
8. Bxe2 Be7 9. Bf4 c6 10. O-O-O Be6 11. Ng5 Bd5 12. Nxd5 Nxd5 13. Bd2 O-O 14.
c4 Nf6 15. Bf3 a5 16. Rhe1 Bc5 17. Re2 a4 18. Bc3 Nbd7 19. Ne4 Nxe4 20. Bxe4
Nb6 21. Bd3 Rfe8 22. Rde1 Rxe2 23. Rxe2 Rd8 24. Kc2 f6 25. f4 Kf7 26. g4 Bd4
27. Ba5 Ra8 28. Bb4 c5 29. Bd2 Rd8 30. Bxh7 Nxc4 31. Bc1 b5 32. Bd3 Nd6 33. g5
c4 34. g6+ Kf8 35. Be4 b4 36. Bc6 b3+ 37. Kb1 Nf5 38. Bxa4 bxa2+ 39. Kxa2 Ra8
40. Ka3 Bc5+ 41. b4 Bd6 42. Be3 Nxe3 43. Rxe3 Rb8 44. Ka2 Ra8 45. Ka3 Rb8 46.
Bc6 Bxb4+ 47. Ka2 Bd6 48. f5 Bxh2 49. Rf3 Be5 50. Rf2 Ke7 51. Ka3 Kd6 52. Be4
Kc5 53. Ka2 Ra8+ 54. Kb1 Kd4 55. Bc2 Kc3 56. Rf3+ Kd2 57. Rf2+ Ke3 58. Rh2 Ra1#
{Normal} 0-1

[Event "Rated Blitz game"]
[Site "?"]
[Date "2021.11.24"]
[Round "?"]
[White "Rakki_Krish"]
[Black "JM64"]
[Result "0-1"]
[WhiteElo "2411"]
[BlackElo "2245"]
[PlyCount "100"]
[EventDate "2021.??.??"]
[EventType "blitz"]

1. e4 e5 2. Nf3 d5 3. exd5 Nf6 4. d4 e4 5. Ne5 Bd6 6. Nc4 Nxd5 7. Nxd6+ Qxd6 8.
Be2 O-O 9. O-O Bf5 10. a3 Nd7 11. c4 Nf4 12. c5 Nxe2+ 13. Kh1 Qg6 14. Qxe2 Rfe8
15. Nc3 c6 16. Bf4 Nf6 17. Bg3 Rad8 18. Qe3 h5 19. Bd6 Ng4 20. Qg3 e3 21. fxe3
Rxe3 22. Rf3 Rde8 23. Raf1 Rxf3 24. Rxf3 Qg5 25. Bf4 Qf6 26. h3 Qxd4 27. hxg4
hxg4 28. Rf1 Re6 29. Rd1 Qf6 30. Bd6 Qg5 31. Qf4 Qh4+ 32. Kg1 Rh6 33. Qh2 Qxh2+
34. Bxh2 Be6 35. Rd8+ Kh7 36. Rb8 g5 37. Rxb7 Kg6 38. Rxa7 f5 39. Rc7 f4 40. g3
f3 41. Rxc6 Kf5 42. Nd1 Rh7 43. Rd6 Rb7 44. b4 Ra7 45. Rd3 Bc4 46. Rc3 Be2 47.
Ne3+ Ke4 48. Kf2 Rd7 49. Nxg4 Rd1 50. c6 Rf1# {Normal} 0-1

[Event "Rated Blitz game"]
[Site "?"]
[Date "2021.11.24"]
[Round "?"]
[White "oncle-ben"]
[Black "Fantastic_power06"]
[Result "0-1"]
[WhiteElo "2470"]
[BlackElo "2809"]
[PlyCount "72"]
[EventDate "2021.??.??"]
[EventType "blitz"]

1. e4 e5 2. Nf3 d5 3. d4 dxe4 4. Nxe5 Bd6 5. Nc3 Bxe5 6. dxe5 Qxd1+ 7. Nxd1 Nc6
8. Bf4 Nge7 9. Nc3 Bf5 10. Bb5 O-O-O 11. O-O Rhe8 12. Rfd1 a6 13. Ba4 b5 14.
Bb3 Ng6 15. Bg3 Ngxe5 16. a4 b4 17. Nd5 Be6 18. a5 Kb7 19. Rac1 Rd6 20. Ne3
Rxd1+ 21. Rxd1 Bxb3 22. cxb3 Nd3 23. Nc4 f5 24. f4 Nd4 25. Bf2 Ne2+ 26. Kf1
Nexf4 27. g3 Nxf2 28. Kxf2 Nd3+ 29. Ke3 g5 30. Kd4 f4 31. Nd2 c5+ 32. Kd5 e3
33. Nf3 g4 34. Ne1 Nxe1 35. Rxe1 f3 36. Kxc5 f2 {Normal} 0-1

[Event "Rated Blitz game"]
[Site "?"]
[Date "2021.11.24"]
[Round "?"]
[White "Revan_2002"]
[Black "Erow"]
[Result "1-0"]
[WhiteElo "2644"]
[BlackElo "2715"]
[PlyCount "117"]
[EventDate "2021.??.??"]
[EventType "blitz"]

1. e4 e5 2. Nf3 d5 3. Nxe5 Bd6 4. d4 dxe4 5. Nc4 Nf6 6. Nxd6+ Qxd6 7. Be2 O-O
8. O-O Nc6 9. Be3 Re8 10. c4 Bf5 11. Nc3 Rad8 12. d5 Ne5 13. Nb5 Qd7 14. Bg5
Bg4 15. Bxf6 gxf6 16. Bxg4 Nxg4 17. Nxc7 Re5 18. h3 e3 19. Qxg4+ Qxg4 20. hxg4
Rc8 21. d6 e2 22. Rfe1 Rd8 23. f4 Re4 24. Nd5 Rxd6 25. b3 b5 26. Rac1 bxc4 27.
bxc4 Kg7 28. Kf2 Rde6 29. Rc2 Rc6 30. Rexe2 Rexc4 31. Rxc4 Rxc4 32. g3 Ra4 33.
Ne3 Kg6 34. Kf3 h5 35. gxh5+ Kxh5 36. Rh2+ Kg6 37. Kg4 Ra5 38. Nf5 Rxf5 39.
Rh6+ Kxh6 40. Kxf5 Kg7 41. g4 a6 42. a3 a5 43. a4 Kg8 44. Kxf6 Kf8 45. g5 Kg8
46. Ke7 Kg7 47. f5 Kg8 48. f6 Kh7 49. Kxf7 Kh8 50. Kg6 Kg8 51. Kf5 Kf8 52. g6
Kg8 53. Ke5 Kf8 54. Kd5 Ke8 55. Kc5 Kd7 56. g7 Kc7 57. g8=Q Kd7 58. Qf7+ Kc8
59. Kc6 {Normal} 1-0

[Event "Rated Blitz game"]
[Site "?"]
[Date "2021.11.24"]
[Round "?"]
[White "tea_zipper2"]
[Black "luckyluke9999"]
[Result "0-1"]
[WhiteElo "2444"]
[BlackElo "2573"]
[PlyCount "30"]
[EventDate "2021.??.??"]
[EventType "blitz"]

1. e4 e5 2. Nf3 d5 3. exd5 e4 4. Qe2 Nf6 5. d3 Qxd5 6. Nc3 Bb4 7. Bd2 Bxc3 8.
Bxc3 O-O 9. dxe4 Nxe4 10. Bd4 Re8 11. O-O-O Qxa2 12. b3 Nc6 13. Bb2 Bf5 14. Qc4
Bg6 15. Nd4 Na5 {Normal} 0-1